| 000 | 00368nam a22001577a 4500 | ||
|---|---|---|---|
| 003 | OSt | ||
| 005 | 20251027154734.0 | ||
| 007 | 411 pages | ||
| 008 | 251027b |||||||| |||| 00| 0 eng d | ||
| 020 | _a9781138998834 | ||
| 040 | _c | ||
| 082 |
_a150.1 _bCAR |
||
| 245 |
_apositive Psychology _cCarr,Alan |
||
| 260 |
_bRoutledge _c2019 |
||
| 942 |
_2ddc _cBK _k150.1 _mCAR _n0 |
||
| 999 |
_c36284 _d36284 |
||